| 000 | 02552nam0a2200373 4500 | ||
|---|---|---|---|
| 001 | RU\NLR\bibl\1382575 | ||
| 005 | 20260407203245.0 | ||
| 021 |
_aRU _b2009-30864 _91858 |
||
| 035 | _a(nilc)RSL-KNO-004314866 | ||
| 035 | _a(NLR Aleph) 001374652 | ||
| 090 |
_a1063662 _c1063662 |
||
| 100 | _a20090410d2009 |||y0rusy50 ca | ||
| 101 | 0 | _arus | |
| 102 | _aRU | ||
| 105 | _ay ||||||||| | ||
| 200 | 1 |
_aМатериалы XVI Конгресса детских гастроэнтерологов России и стран СНГ "Актуальные проблемы абдоминальной патологии у детей", Москва, 17-19 марта 2009 г. _fпод общ. ред. проф. Ю. Г. Мухиной и проф. С. В. Бельмера |
|
| 210 |
_aМосква _cМЕДПРАКТИКА-М _d2009 |
||
| 215 |
_a439 с. _cпортр., табл. _d21 |
||
| 300 | _aНа обл.: Актуальные проблемы абдоминальной патологии у детей: материалы XVI конгресса детских гастроэнтерологов России и стран СНГ | ||
| 300 | _aВ надзаг.: М-во здравоохранения и социального развития Российской Федерации, Российский гос. мед. ун-т [и др.] | ||
| 320 | _aБиблиогр. в конце ст. | ||
| 512 | 0 |
_aАктуальные проблемы абдоминальной патологии у детей _eматериалы XVI конгресса детских гастроэнтерологов России и стран СНГ |
|
| 606 | 1 |
_aГастроэнтерология детская _jСъезды, совещания и т.п. _91401895 _3RU\NLR\auth\66277684 |
|
| 610 | 0 | _aЗдравоохранение. Медицинские науки -- Педиатрия -- Болезни детей -- Гастроэнтерология детского возраста -- Материалы конференции | |
| 686 |
_aР733.413я431(0) _2rubbk |
||
| 686 | _aР733.413я431(2) | ||
| 710 | 1 | 2 |
_aКонгресс детских гастроэнтерологов России и стран СНГ _d16 _f2009 _eМосква _3RU\NLR\AUTH\8810135013 _9766011 |
| 712 | 0 | 2 | _aРоссийский государственный медицинский университет |
| 801 | 0 |
_aRU _bРГБ _c20090410 _grcr |
|
| 801 | 1 |
_aRU _bРГБ _c20090410 |
|
| 801 | 2 |
_aRU _bNLR _c20090617 _grcr |
|
| 942 | _cBOOK | ||
| 980 | _aNB | ||